| 000 | 00580nam a22001817a 4500 | ||
|---|---|---|---|
| 003 | OSt | ||
| 005 | 20260422062705.0 | ||
| 008 | 260422b |||||||| |||| 00| 0 eng d | ||
| 040 |
_aDWC-Main lib _cOC |
||
| 082 |
_29th edition _aCirc. 781.6509 T167 2001 |
||
| 100 | _aTanner, Paul | ||
| 245 |
_aJazz/ _cPaul Tanner |
||
| 260 |
_aBoston : _bMcGraw-Hill, _cc2001. |
||
| 300 |
_axii, 388 pages : _billustration ; _c35 cm. + CD-ROM |
||
| 504 | _aIncludes bibliographical references and index | ||
| 650 | _a1. Jazz - History and criticism | ||
| 942 |
_2ddc _cBK-CIRC _e9th ed. _hCirc. _n0 |
||
| 999 |
_c9699 _d9699 |
||